000 00691nam a2200229Ia 4500
001 665
003 GE_BSU
008 181216s||||||||xx |||||||||||||| ||und||
040 _cGE_BSU
080 _a59(075.8)
100 _aნოვიკოვი,პ; ნაუმოვი,ს
245 _aზოოლოგია
245 _bსახელმძღვ.ზოოვეტერინალური უმაღლ. სასწ.
250 _aმე-2 გამოცემა
260 _aთბილისი
260 _bგანათლება
260 _c1989
300 _a515 გვ.
541 _h18 ლ.
653 _aზოოლოგია
942 _cBK
999 _c34848
_d34848